000
00251nam a2200097Ia 4500
001
711490
005
20250826162809.0
008
250824s9999 xx 000 0 und d
245
0
_a
FİKRİMİN İNCE GÜLÜ
_c
ADALET AĞAOĞLU
260
_b
EVEREST YAYINLARI
999
_c
711490
_d
711490